header

The art of suicide (Record no. 146171)

MARC details
000 -LEADER
fixed length control field 01174nam a2200325 a 4500
100 1# - MAIN ENTRY--AUTHOR NAME
Personal name Brown, Ron M.
245 14 - TITLE STATEMENT
Title The art of suicide
260 ## - PUBLICATION, DISTRIBUTION, ETC. (IMPRINT)
Place of publication London :
Name of publisher Reaktion Books,
Year of publication 2001.
300 ## - PHYSICAL DESCRIPTION
Number of Pages 253 p. :
Other physical details ill.
490 1# - SERIES STATEMENT
Series statement Picturing history
650 #0 - SUBJECT ADDED ENTRY--TOPICAL TERM
Topical Term Suicide in art.
Topical Term Art
856 40 - ELECTRONIC LOCATION AND ACCESS
Uniform Resource Identifier http://site.ebrary.com/lib/rucke/Doc?id=10430657

No items available.

© 2026 Rongo University
Contact us: librarian | system librarian | Rongo university